| 000 | 00420 a2200169 4500 | ||
|---|---|---|---|
| 020 | _a9780415481410 | ||
| 024 | _a9780415481410 | ||
| 082 | _a954.91 | ||
| 090 |
_c6963 _d6963 |
||
| 100 | _aRajshree Jetly | ||
| 245 |
_aPakistan in Regional and Global Politics. _cRajshree Jetly |
||
| 250 | _a1st. | ||
| 260 |
_aNew York _bRoutledge _c2009 |
||
| 300 | _a365p. | ||
| 500 | _aHard Cover | ||
| 942 |
_aNBS _cBK _k954.91 JET |
||
| 999 |
_c349299 _d349299 |
||